|
|
|
|
| LEADER |
00000cam a2200000 7i4500 |
| 001 |
0000027994 |
| 005 |
20241120.0 |
| 008 |
180523 -us eng |
| 020 |
|
|
|a 9780132089036
|
| 040 |
|
|
|a INS
|b eng
|e rda
|
| 090 |
0 |
0 |
|a PE1128
|b J47 2012
|
| 100 |
1 |
|
|a Jeffries, Linda ,
|e author
|
| 245 |
1 |
0 |
|a More reading power 3
|c Linda Jeffries, Beatrice S. Mikulecky
|
| 246 |
3 |
|
|a More reading power three
|
| 250 |
|
|
|a Third edition
|
| 264 |
|
1 |
|a White Plains, NY :
|b Pearson
|c 2012
|
| 264 |
|
4 |
|c ©2012
|
| 300 |
|
|
|a vi, 298 pages ;
|c 28 cm.
|
| 336 |
|
|
|a text
|2 rdacontent
|
| 337 |
|
|
|a unmediated
|2 rdamedia
|
| 338 |
|
|
|a volume
|2 rdacarrier
|
| 490 |
0 |
|
|a Reading power
|
| 500 |
|
|
|a Previous ed. published: N.Y. : Pearson Longman, 2003; More reading power / Beatrice S. Mikulecky, 2nd ed.
|
| 505 |
2 |
|
|a Introduction -- pt. 1. Extensive reading -- pt. 2. Vocabulary building -- pt. 3. Comprehension skills -- pt. 4. Reading fluency.
|
| 650 |
|
0 |
|a English language
|x Textbooks for foreign speakers.
|
| 650 |
|
0 |
|a Reading comprehension
|x Problems, exercises, etc.
|
| 650 |
|
0 |
|a Reading
|x Problems, exercises, etc.
|
| 700 |
1 |
|
|a Mikulecky, Beatrice S. ,
|e author
|
| 999 |
|
|
|a 1000003453
|b BOOK
|c Open Shelf
|e Default branch
|
| 999 |
|
|
|a 1000003454
|b BOOK
|c Open Shelf
|e Default branch
|